TH Thành thạo AUTOCAD 2002(4)

Uloženo v:
Podrobná bibliografie
Hlavní autor: Lữ Đức Hào
Médium: Kniha
Jazyk:Vietnamese
Vydáno: TKE 2002
Tagy: Přidat tag
Žádné tagy, Buďte první, kdo otaguje tento záznam!
Thư viện lưu trữ: Mạng thư viện Đại học Đà Nẵng
LEADER 00617nam a2200277 4500
001 000026532
003 560
005 20150325120000.0
008 150325s vm 000 vie
020 |c 55,0000 
040 |a NOTTS 
100 |a Lữ Đức Hào 
245 |a TH Thành thạo AUTOCAD 2002(4) 
260 |b TKE  |c 2002 
300 |a 555tr. ; 
OWN |a LTT 
999 |a From the UDN01 
TYP |a Monograph 
TYP |a Printed language 
980 |a Mạng thư viện Đại học Đà Nẵng